[Event "Kuwait Rapid op 1st"]
[Site "Kuwait City"]
[Date "2025.01.09"]
[Round "5"]
[White "Altrairi, Bader Abdulrahman"]
[Black "Suresh, Sumesh"]
[Result "1-0"]
[WhiteElo "1849"]
[BlackElo "1524"]
[PlyCount "71"]
[EventDate "2025.01.09"]
[EventType "swiss (rapid)"]
[EventRounds "9"]
[EventCountry "KUW"]
[SourceTitle "CB03_2025"]
[SourceDate "2025.01.15"]
[SourceVersion "1"]
[SourceVersionDate "2025.01.15"]
[SourceQuality "1"]

1. e4 c5 2. Nf3 d6 3. d4 cxd4 4. Nxd4 Nf6 5. Nc3 g6 6. Bd3 Bg7 7. Nb3 0-0 8. Be3 Nc6 9. 0-0 Ng4 10. Bd2 Nf6 11. Be3 Ng4 12. Bd2 Nf6 13. h3 Ne5 14. Be3 Nxd3 15. Qxd3 Be6 16. Rfd1 a6 17. Nd4 Bd7 18. a4 h6 19. a5 Kh7 20. Nf3 Bc6 21. Bb6 Qc8 22. Nd4 Nd7 23. Nxc6 Qxc6 24. Bd4 Ne5 25. Bxe5 Bxe5 26. Nd5 Rfe8 27. c3 Rab8 28. Nb6 Red8 29. Qd5 Qxd5 30. Rxd5 Kg8 31. Nc4 Bg7 32. Rad1 f6 33. f4 Rbc8 34. Nb6 Rc6 35. e5 fxe5 36. fxe5 1-0

[Event "Kuwait Rapid op 1st"]
[Site "Kuwait City"]
[Date "2025.01.09"]
[Round "4"]
[White "Sathvika, Umashankar"]
[Black "Altrairi, Bader Abdulrahman"]
[Result "0-1"]
[WhiteElo "1418"]
[BlackElo "1849"]
[PlyCount "46"]
[EventDate "2025.01.09"]
[EventType "swiss (rapid)"]
[EventRounds "9"]
[EventCountry "KUW"]
[SourceTitle "CB03_2025"]
[SourceDate "2025.01.15"]
[SourceVersion "1"]
[SourceVersionDate "2025.01.15"]
[SourceQuality "1"]

1. d4 d5 2. Bf4 Bf5 3. e3 e6 4. Nc3 c6 5. Nf3 Nf6 6. Be2 Bd6 7. Bxd6 Qxd6 8. Ne5 Nbd7 9. Nxd7 Qxd7 10. 0-0 0-0 11. Bd3 Rfe8 12. Bxf5 exf5 13. Re1 Re7 14. Qd2 Rae8 15. Re2 Ne4 16. Nxe4 fxe4 17. Rae1 Re6 18. Qb4 Rg6 19. g3 Rh6 20. h4 g5 21. hxg5 Rh5 22. Qb3 Qh3 23. Qxb7 Qh1# 0-1